02035nam a2200409 450000500170000000700150001700800410003202400170007302800290009005000200011910000340013924000410017324501250021425000110033926000350035030000720038530600130045750001320047050500300060250501020063250500310073450500220076550500490078751101150083651801090095165000270106065000290108770000550111670000330117170000340120470000340123871000540127294200160132699900190134295201320136195201320149320231109100542.0sd fsngnnmmned231030b |||||||| |||| 00| 0 spa d1 a02894818706502a028948187065 bUniversal04aM1000bC66 20191 aContreras, Juan Pablo,d1987-109Música de orquesta. kSelecciones10aMariachitlán c / Juan Pablo Contreras ; orquesta filarmónica de Jalisco Marco Parisotto ; Abdiel Vázquez, piano. a1a ed. aMéxico : bUniversal, c2019 a1 disco compacto :c4 3/4 plg. ;e+ 1 folleto (23 p. : il., 12 cm.) a (45:49) aNotas de programa del compositor e Iván Martínez en español e inglés (23 páginas : retratos) colocadas en contenedor.0 t1. Mariachitlán (10:39)0 t2. El laberinto de la soledad (8:27) tPirámide del sol (26:43) concierto para piano y orquesta0 t3. Juego de pelota (10:27)0 t4. Ofrenda (7:35)0 rAbdiel Vázquez. Piano.tDanza emplumada / 0 aAbdiel Vázquez, piano (3.ª obra); Orquesta Filarmónica de Jalisco; Marco Parisotto, director de orquesta. aGrabado d2017 6-9 de octubrepel Teatro José Pablo Moncayo de PALCCO, Guadalajara, Jalisco, México 72lembaMusica orquestal 72lembaConciertos (Piano)1 aVázquez, Abdiel, ddesde 1984-eInstrumentista1 aParisotto, Marco, edirector1 aVázquez, Abdiel, epianista1 aParisotto, Marco, econductor2 aOrquesta Filarmónica de Jalisco, eInstrumentos 2lccn0cDIC c168818d168816 00102lcc4070aLIC-037bLIC-037cGENERALd2023-10-30eDONl0oM1000 C66 2019pBBA000003517r2023-10-30 00:00:00t1v1.00yDIC 00102lcc4070aLIC-037bLIC-037cGENERALd2023-11-09eDONl0oM1000 C66 2019pBBA000003518r2023-11-09 00:00:00t2v1.00yDIC